000 00502nam a2200157Ia 4500
020 _a9251049955
040 _cOSU
082 _a639 FOO 2005 A083 Or.
245 0 0 _aTowards improving global information on aquaculture /
260 _aRome :
_bFood and Agriculture Organization of the United Nations,
_c2005
300 _av, 172 p. :
_bill. ;
_c30 cm
650 0 _aCommunication in fisheries
650 0 _aAquaculture
710 2 _aFood and Agriculture Organization of the United Nations
942 _cEK
999 _c16045
_d16045